|
|
|
|
| LEADER |
00000naa0a2200000 4500 |
| 001 |
594458 |
| 005 |
20250207153738.0 |
| 029 |
0 |
0 |
|a SU
|b 1202-ХП-84
|f ОНИИТЭХим
|
| 035 |
|
|
|a (RuTPU)RU\TPU\tpu\9943
|
| 035 |
|
|
|a RU\TPU\tpu\9941
|
| 090 |
|
|
|a 594458
|
| 100 |
|
|
|a 20021023d1984 k y0rusy50 ca
|
| 101 |
0 |
|
|a rus
|
| 102 |
|
|
|a RU
|
| 200 |
1 |
|
|a Исследование 9-алкаполкабазолы
|f Е. Е. Сироткина [и др.]
|
| 300 |
|
|
|a Деп. в ОНИИТЭХим, г. Черкассы, 28.12.84, № 1202-ХП-84.
|
| 463 |
|
|
|t Материалы Менделеевской межвузовской конференции (Томск, 21-22 февраля 1984 г.)
|o секция физической и органической химии
|v С. 102-103
|d 1984
|
| 610 |
1 |
|
|a труды учёных ТПУ
|
| 701 |
|
1 |
|a Сироткина
|b Е. Е.
|c доктор химических наук
|c СО АН СССР
|f 1926-
|g Екатерина Егоровна
|3 (RuTPU)RU\TPU\pers\3569
|
| 701 |
|
1 |
|a Заворзаева
|b Н. И.
|c ХТФ
|f 1947-
|g Нина Ивановна
|3 (RuTPU)RU\TPU\pers\3570
|
| 701 |
|
1 |
|a Коган
|b Р. М.
|c кандидат химичеких наук
|c ХТФ
|f 1941-
|g Р. Моисеевна
|3 (RuTPU)RU\TPU\pers\3498
|
| 701 |
|
1 |
|a Пирогова
|b И. Д.
|c кандидат химических наук
|c ХТФ
|f 1951-
|g Ирина Дмитриевна
|3 (RuTPU)RU\TPU\pers\4122
|
| 712 |
0 |
2 |
|a Томский политехнический институт
|
| 801 |
|
2 |
|a RU
|b 63413507
|c 20100224
|g PSBO
|
| 942 |
|
|
|c BK
|